[Event "IECC CL6-2004.14 email"]
[Site "IECC email"]
[Date "2004.06.30"]
[Round "?"]
[White "Mauro, Guido"]
[Black "Popp, Tony"]
[Result "0-1"]
[WhiteElo "1336"]
[BlackElo "1309"]
[PlyCount "24"]
[EventDate "2004.??.??"]
[EventType "tourn (corr)"]
[EventRounds "4"]
[SourceTitle "Corr 2008"]
[Source "ChessBase"]
[SourceDate "2008.06.24"]
[SourceVersion "1"]
[SourceVersionDate "2008.06.24"]
[SourceQuality "1"]

1. e4 c5 2. Nf3 g6 3. d4 Bg7 4. c3 Qa5 5. dxc5 Qxc5 6. Be3 Qc7 7. Bd4 Nf6 8. e5 Ne4 9. Bd3 Nc5 10. e6 Nxe6 11. Be3 Nf4 12. Na3 Nxg2+ 0-1

[Event "IECC TH-M-2249"]
[Site "IECC email"]
[Date "2003.09.24"]
[Round "?"]
[White "Mauro, Guido"]
[Black "Tomashewski, Peter"]
[Result "0-1"]
[WhiteElo "1397"]
[BlackElo "1612"]
[PlyCount "48"]
[EventDate "2003.??.??"]
[EventType "tourn (corr)"]
[SourceTitle "Corr 2020"]
[Source "ChessBase"]
[SourceDate "2019.09.30"]
[SourceVersion "1"]
[SourceVersionDate "2019.09.30"]
[SourceQuality "1"]
[WhiteTeam "NLD"]
[BlackTeam "Canada"]
[BlackTeamCountry "CAN"]

1. e4 d5 2. exd5 Qxd5 3. Nc3 Qa5 4. b4 Qxb4 5. Rb1 Qd6 6. Nf3 Nf6 7. Nb5 Qd8 8. d4 c6 9. Nc3 Nbd7 10. Bd3 b6 11. 0-0 e6 12. Bf4 Be7 13. Ne4 Nxe4 14. Bxe4 Bb7 15. c4 Nf6 16. Bc2 0-0 17. Qd3 h6 18. Be5 g6 19. Nh4 Qe8 20. Qg3 Kh7 21. Rfe1 Rd8 22. c5 Nd5 23. Bc7 Bxh4 24. Qxh4 Nxc7 0-1

[Event "IECC TH-M-2249"]
[Site "IECC email"]
[Date "2003.09.24"]
[Round "?"]
[White "Tomashewski, Peter"]
[Black "Mauro, Guido"]
[Result "1/2-1/2"]
[WhiteElo "1622"]
[BlackElo "1387"]
[PlyCount "65"]
[EventDate "2003.??.??"]
[EventType "tourn (corr)"]
[SourceTitle "Corr 2020"]
[Source "ChessBase"]
[SourceDate "2019.09.30"]
[SourceVersion "1"]
[SourceVersionDate "2019.09.30"]
[SourceQuality "1"]
[WhiteTeam "Canada"]
[BlackTeam "NLD"]
[WhiteTeamCountry "CAN"]

1. e4 d5 2. exd5 Qxd5 3. Nc3 Qa5 4. d4 Nf6 5. Nf3 Bf5 6. Bd3 e6 7. 0-0 Be7 8. Ne5 Bxd3 9. Qxd3 0-0 10. Bd2 c6 11. Ne4 Qd8 12. c3 Nbd7 13. Nxf6+ Nxf6 14. f4 c5 15. Be3 Nd5 16. Qe4 Nxe3 17. Qxe3 cxd4 18. cxd4 Rc8 19. Rac1 Qd5 20. a3 Rfd8 21. Nf3 h6 22. Rxc8 Rxc8 23. Rc1 Rd8 24. b4 Bf6 25. Rd1 g5 26. h3 gxf4 27. Qxf4 Bg5 28. Nxg5 hxg5 29. Qf3 Qxf3 30. gxf3 Rd5 31. Kf2 Kg7 32. Ke3 f5 33. Rc1 1/2-1/2

[Event "IECC TH-M email"]
[Site "IECC email"]
[Date "2003.05.27"]
[Round "?"]
[White "Rattay, Walter"]
[Black "Mauro, Guido"]
[Result "1-0"]
[WhiteElo "1399"]
[BlackElo "1441"]
[PlyCount "21"]
[EventDate "2003.??.??"]
[EventType "match (corr)"]
[EventRounds "2"]
[SourceTitle "Corr 2008"]
[Source "ChessBase"]
[SourceDate "2008.06.24"]
[SourceVersion "1"]
[SourceVersionDate "2008.06.24"]
[SourceQuality "1"]

1. e4 e5 2. Nf3 d5 3. exd5 Bd6 4. d4 e4 5. Ne5 Nf6 6. Bb5+ c6 7. dxc6 bxc6 8. Be2 0-0 9. Nc4 Bc7 10. Nc3 c5 11. dxc5 1-0

[Event "IECC KO email"]
[Site "IECC email"]
[Date "2003.05.22"]
[Round "?"]
[White "Jordaan, Wayne"]
[Black "Mauro, Guido"]
[Result "1-0"]
[WhiteElo "1513"]
[BlackElo "1407"]
[PlyCount "49"]
[EventDate "2003.??.??"]
[EventType "tourn (corr)"]
[EventRounds "6"]
[SourceTitle "Corr 2008"]
[Source "ChessBase"]
[SourceDate "2008.06.24"]
[SourceVersion "1"]
[SourceVersionDate "2008.06.24"]
[SourceQuality "1"]

1. d4 d5 2. c4 dxc4 3. e4 e5 4. Nf3 exd4 5. Nxd4 c5 6. Nb5 Qa5+ 7. N1c3 a6 8. Na3 b5 9. Qd5 Ra7 10. Qe5+ Ne7 11. Qxb8 Rb7 12. Qd6 Rd7 13. Qe5 f6 14. Qh5+ g6 15. Qxc5 Qd8 16. Naxb5 axb5 17. Qxb5 Bb7 18. Bxc4 Bc6 19. Qb3 Nc8 20. 0-0 Bc5 21. Be6 Rb7 22. Qc4 Qb6 23. Bxc8 Rc7 24. Bf4 Rxc8 25. Qe6+ 1-0

[Event "IECC KO email"]
[Site "IECC email"]
[Date "2003.05.22"]
[Round "?"]
[White "Mauro, Guido"]
[Black "Jordaan, Wayne"]
[Result "0-1"]
[WhiteElo "1389"]
[BlackElo "1519"]
[PlyCount "58"]
[EventDate "2003.??.??"]
[EventType "tourn (corr)"]
[EventRounds "6"]
[SourceTitle "Corr 2008"]
[Source "ChessBase"]
[SourceDate "2008.06.24"]
[SourceVersion "1"]
[SourceVersionDate "2008.06.24"]
[SourceQuality "1"]

1. e4 c5 2. Nf3 d6 3. c3 Nf6 4. Bb5+ Bd7 5. Qe2 Bxb5 6. Qxb5+ Qd7 7. Qxd7+ Nbxd7 8. d3 c4 9. dxc4 Nxe4 10. Be3 e6 11. Nbd2 Nxd2 12. Kxd2 Be7 13. h4 Rc8 14. b3 0-0 15. g4 a5 16. h5 Nf6 17. Rag1 d5 18. g5 Ne4+ 19. Kd3 b5 20. Bd4 bxc4+ 21. bxc4 Rxc4 22. Ne5 Rxd4+ 23. Kxd4 Bc5+ 24. Kd3 Nxf2+ 25. Ke2 Nxh1 26. Rxh1 Bd6 27. Nd3 Rc8 28. Kd2 Rc4 29. g6 hxg6 0-1

[Event "IECC KO email"]
[Site "IECC email"]
[Date "2003.04.16"]
[Round "?"]
[White "Blackman, Leon"]
[Black "Mauro, Guido"]
[Result "1-0"]
[WhiteElo "1300"]
[BlackElo "1489"]
[PlyCount "33"]
[EventDate "2003.??.??"]
[EventType "tourn (corr)"]
[EventRounds "6"]
[SourceTitle "Corr 2008"]
[Source "ChessBase"]
[SourceDate "2008.06.24"]
[SourceVersion "1"]
[SourceVersionDate "2008.06.24"]
[SourceQuality "1"]

1. e4 e6 2. d4 d5 3. Nc3 Nf6 4. Bg5 Be7 5. e5 Nfd7 6. Bxe7 Qxe7 7. Qh5 c5 8. Nb5 cxd4 9. Nc7+ Kf8 10. Nxa8 Qb4+ 11. Kd1 Qxb2 12. Rc1 Nc6 13. Nf3 Nb4 14. Qh4 Nc6 15. Nc7 a6 16. Qf4 h6 17. Nxe6+ 1-0

[Event "IECC O email"]
[Site "IECC email"]
[Date "2003.03.12"]
[Round "?"]
[White "Penev, Boyan"]
[Black "Mauro, Guido"]
[Result "1-0"]
[WhiteElo "1511"]
[BlackElo "1498"]
[PlyCount "35"]
[EventDate "2003.??.??"]
[EventType "tourn (corr)"]
[EventRounds "6"]
[SourceTitle "Corr 2008"]
[Source "ChessBase"]
[SourceDate "2008.06.24"]
[SourceVersion "1"]
[SourceVersionDate "2008.06.24"]
[SourceQuality "1"]

1. e4 e5 2. Nf3 d5 3. exd5 Bd6 4. d4 e4 5. Ne5 Nf6 6. Nc3 Nbd7 7. Bf4 0-0 8. Qe2 c5 9. dxc6 bxc6 10. Nxc6 Qc7 11. Ne7+ Kh8 12. Nb5 Qa5+ 13. Bd2 Qb6 14. Nf5 Bb8 15. Bb4 Re8 16. Qc4 Nf8 17. Qxf7 Bxf5 18. Bxf8 1-0

[Event "IECC KO email"]
[Site "IECC email"]
[Date "2003.01.13"]
[Round "?"]
[White "Humphreys, Bill"]
[Black "Mauro, Guido"]
[Result "1-0"]
[WhiteElo "1209"]
[BlackElo "1520"]
[PlyCount "33"]
[EventDate "2003.??.??"]
[EventType "tourn (corr)"]
[EventRounds "6"]
[SourceTitle "Corr 2008"]
[Source "ChessBase"]
[SourceDate "2008.06.24"]
[SourceVersion "1"]
[SourceVersionDate "2008.06.24"]
[SourceQuality "1"]

1. e4 e5 2. Nf3 Nf6 3. Nc3 Bb4 4. Bc4 Nc6 5. d3 Bxc3+ 6. bxc3 0-0 7. 0-0 d5 8. exd5 Nxd5 9. Bxd5 Qxd5 10. h3 Re8 11. Re1 h6 12. d4 e4 13. Nd2 b6 14. Re3 f5 15. Qh5 Bb7 16. Rg3 Kh7 17. Qg6+ 1-0

[Event "IECC TH-M email"]
[Site "IECC email"]
[Date "2002.01.28"]
[Round "?"]
[White "Mauro, Guido"]
[Black "Taffijn, Aadrian"]
[Result "0-1"]
[WhiteElo "1508"]
[BlackElo "1610"]
[PlyCount "66"]
[EventDate "2002.??.??"]
[EventType "match (corr)"]
[EventRounds "2"]
[SourceTitle "Corr 2008"]
[Source "ChessBase"]
[SourceDate "2008.06.24"]
[SourceVersion "1"]
[SourceVersionDate "2008.06.24"]
[SourceQuality "1"]

1. d4 f5 2. c4 Nf6 3. g3 g6 4. Bg2 Bg7 5. Nf3 d6 6. 0-0 0-0 7. b3 e5 8. dxe5 Ng4 9. Nc3 dxe5 10. Ba3 e4 11. Bxf8 Qxf8 12. Nd4 e3 13. f4 Nf2 14. Rxf2 exf2+ 15. Kxf2 Na6 16. Rc1 Qf6 17. Nf3 Qb6+ 18. e3 c6 19. Na4 Qc7 20. Rc2 Be6 21. Ng5 Rd8 22. Rd2 Rxd2+ 23. Qxd2 Bc8 24. Bd5+ Kh8 25. Be6 h6 26. Qd8+ Qxd8 27. Nf7+ Kg8 28. Nxd8+ Bxe6 29. Nxe6 b5 30. cxb5 cxb5 31. Nac5 Nxc5 32. Nxc5 b4 33. e4 Bd4+ 0-1